000 00520cam a22002171 4500
001 sa 65007646
003 DLC
005 20260227112150.0
008 890227s1964 xx 000 0 urd
010 _asa 65007646
035 _a(OCoLC)23580086
040 _aDLC
_cMiU
_dDLC
042 _apremarc
050 0 0 _aPK2200.A7
_bS53
100 1 _aAslam, Muhammad,
_d1885-
245 1 0 _aShamshīr-i sitam.
260 _c[1964]
300 _a400 p.
_c19 cm.
500 _aIn Urdu.
500 _aText partially vocalized.
999 _c65270
_d65270